Catálogo
 En Linea

Atlas de Anatomía. / (Registro nro. 40026)

Detalles MARC
000 -CABECERA
campo de control de longitud fija 01094nam a2200289 a 4500
001 - NÚMERO DE CONTROL
campo de control 000040536
005 - FECHA Y HORA DE LA ÚLTIMA TRANSACCIÓN
campo de control 20201002034210.0
008 - DATOS DE LONGITUD FIJA--INFORMACIÓN GENERAL
campo de control de longitud fija 130830s2008 sp a 001 0 spa d
020 ## - NÚMERO INTERNACIONAL ESTÁNDAR DEL LIBRO
Número Internacional Estándar del Libro 9788479036003
040 ## - FUENTE DE LA CATALOGACIÓN
Centro catalogador/agencia de origen DO-SdBNP
Lengua de catalogación spa
Centro/agencia transcriptor BNPHU
082 ## - NÚMERO DE LA CLASIFICACIÓN DECIMAL DEWEY
Número de clasificación xxxx
Número de documento/Ítem xxx
100 1# - ENTRADA PRINCIPAL--NOMBRE DE PERSONA
Nombre de persona Gilroy, Anne M.
9 (RLIN) 66839
240 10 - TÍTULO UNIFORME
Título uniforme Atlas of anatomy
245 10 - MENCIÓN DE TÍTULO
Título Atlas de Anatomía. /
Mención de responsabilidad, etc. Anne M. Gilroy, Brian R. MacPherson, Lawrence M. Ross; ilustraciones, Markus Voll, Karl Wesker; traducción, Andrés Del Barrio, [et.al.].
260 ## - PUBLICACIÓN, DISTRIBUCIÓN, ETC.
Lugar de publicación, distribución, etc. Madrid, España :
Nombre del editor, distribuidor, etc. Panamericana,
Fecha de publicación, distribución, etc. 2008.
300 ## - DESCRIPCIÓN FÍSICA
Extensión xv, 656 p. :
Otras características físicas il. ;
Dimensiones 28 cm.
500 ## - NOTA GENERAL
Nota general La biblioteca posee la tercera reimpresion del 2012
700 1# - PUNTO DE ACCESO ADICIONAL--NOMBRE DE PERSONA
Nombre de persona MacPherson, Brian R.
9 (RLIN) 66840
700 1# - PUNTO DE ACCESO ADICIONAL--NOMBRE DE PERSONA
Nombre de persona Ross, Lawrence M.
9 (RLIN) 66841
700 1# - PUNTO DE ACCESO ADICIONAL--NOMBRE DE PERSONA
Nombre de persona Voll, Markus
Término indicativo de función/relación ilust.
9 (RLIN) 66842
700 1# - PUNTO DE ACCESO ADICIONAL--NOMBRE DE PERSONA
Nombre de persona Wesker, Karl
Término indicativo de función/relación ilust.
9 (RLIN) 66843
700 1# - PUNTO DE ACCESO ADICIONAL--NOMBRE DE PERSONA
Nombre de persona Del Barrio, Andrés
Término indicativo de función/relación trad.
9 (RLIN) 66844
700 1# - PUNTO DE ACCESO ADICIONAL--NOMBRE DE PERSONA
Nombre de persona Mezzano, Gustavo
Término indicativo de función/relación trad.
9 (RLIN) 66845
700 1# - PUNTO DE ACCESO ADICIONAL--NOMBRE DE PERSONA
Nombre de persona Rodríguez Planes, Gerardo
Término indicativo de función/relación trad.
9 (RLIN) 66846
700 1# - PUNTO DE ACCESO ADICIONAL--NOMBRE DE PERSONA
Nombre de persona Taveira, Jorgelina
Término indicativo de función/relación trad.
9 (RLIN) 66847
700 1# - PUNTO DE ACCESO ADICIONAL--NOMBRE DE PERSONA
Nombre de persona Vásquez, Damián
Término indicativo de función/relación trad.
9 (RLIN) 66848
Existencias
Estado de retiro Estado de pérdida Restricciones de uso No para préstamo Código de colección Localización permanente Ubicación/localización actual Ubicación en estantería Fecha de adquisición Número de inventario Total de préstamos Signatura topográfica completa Código de barras Fecha visto por última vez Precio válido a partir de Tipo de ítem Koha
      Excluido de préstamo Monografías: Libros y Folletos General General En catalogación 30.08.2013 LF1   xxxx xxx 40536-10 25.06.2020 25.06.2020 No se presta

Con tecnología Koha